Famous People from New Jersey - Statistics

General Stats
  • This quiz has been taken 63 times
  • The average score is 10 of 16
Answer Stats
Picture Answer % Correct
Bruce Springsteen
91%
Frank Sinatra
89%
Jon Bon Jovi
89%
Meryl Streep
85%
Shaquille O’Neal
80%
Martha Stewart
70%
Paul Rudd
65%
Ice-T
63%
Queen Latifah
59%
Derek Jeter
54%
Dionne Warwick
52%
Whitney Houston
52%
Dennis Rodman
48%
Lauryn Hill
30%
Halsey
17%
Elizabeth Gillies
9%
No matching quizzes found
Score Distribution
Percent of People with Each Score
Percentile by Number Answered
Your Score History
You have not taken this quiz